| 000 | 01019nam a2200289Ia 4500 | ||
|---|---|---|---|
| 001 | Para_938 | ||
| 003 | CHAP | ||
| 008 | 220125s1994 xx 000 0 und d | ||
| 010 | _a199729 | ||
| 040 | _cCHAP | ||
| 090 | _aPA TESIS 903 | ||
| 100 |
_aRobles Sanchez, Benjamin _998117 |
||
| 245 |
_aEvaluación de imidacloprid para el control de la mosquita blanca (Homoptera : _b Aleyrodidae) en tomate (Lypersicon esculentum Mill) en Oacalco, Mpio. de Yoatepec, Morelos / _c por Benjamin Robles Sanchez |
||
| 260 |
_aChapingo, Méx. : _b El autor |
||
| 300 | _a88 h. | ||
| 502 | _aTesis (Ing. Agr. Esp. en Parasitología Agrícola) -- UACh. Depto. Parasitología | ||
| 650 |
_aInsecticidas _x pruebas _958878 |
||
| 650 |
_aTomate _x plagas _9113748 |
||
| 710 |
_aUACh. Departamento Parasitología Agrícola _9164025 |
||
| 901 | _aPA TESIS 903 | ||
| 902 | _aA | ||
| 905 | _a0000001994 0000000000 00 | ||
| 910 | _a1994 | ||
| 942 | _cPARA | ||
| 942 |
_cPARA _d1 |
||
| 999 |
_c199729 _d199729 |
||